| 000 | 01597nam a2200385 a 4500 | ||
|---|---|---|---|
| 001 | ebr10177902 | ||
| 003 | CaPaEBR | ||
| 006 | m u | ||
| 007 | cr cn||||||||| | ||
| 008 | 051014s2006 enk sb 000 0 eng | ||
| 010 | _z 2005030186 | ||
| 015 |
_aGBA610118 _2bnb |
||
| 016 | 7 |
_z013370405 _2Uk |
|
| 020 | _z0192805525 (pbk. : alk. paper) | ||
| 020 | _z9780192805522 | ||
| 040 |
_aCaPaEBR _cCaPaEBR |
||
| 035 | _a(OCoLC)170420057 | ||
| 050 | 1 | 4 |
_aPN6231.W6 _bC65 2006eb |
| 082 | 0 | 4 |
_a824/.6 _222 |
| 100 | 1 |
_aCollier, Jane, _d1715?-1755. |
|
| 245 | 1 | 3 |
_aAn essay on the art of ingeniously tormenting _h[electronic resource] / _cJane Collier ; edited with an introduction and notes by Katherine A. Craik. |
| 260 |
_aOxford ; _aNew York : _bOxford University Press, _c2006. |
||
| 300 | _axlv, 111 p. | ||
| 490 | 1 | _aOxford world's classics | |
| 504 | _aIncludes bibliographical references (p. [xl]-xliii). | ||
| 533 |
_aElectronic reproduction. _bPalo Alto, Calif. : _cebrary, _d2013. _nAvailable via World Wide Web. _nAccess may be limited to ebrary affiliated libraries. |
||
| 650 | 0 |
_aWomen _xConduct of life _vHumor _vEarly works to 1800. |
|
| 650 | 0 |
_aInterpersonal relations _vHumor _vEarly works to 1800. |
|
| 650 | 0 |
_aConduct of life _vHumor _vEarly works to 1800. |
|
| 655 | 7 |
_aElectronic books. _2local |
|
| 700 | 1 | _aCraik, Katharine A. | |
| 710 | 2 | _aebrary, Inc. | |
| 830 | 0 | _aOxford world's classics (Oxford University Press) | |
| 856 | 4 | 0 |
_uhttp://site.ebrary.com/lib/rucke/Doc?id=10177902 _zAn electronic book accessible through the World Wide Web; click to view |
| 999 |
_c236603 _d236603 |
||